000 00411nam a2200109Ia 4500
008 160909s9999 xx 000 0 und d
100 _aHaydon, Marcie D.
245 _aCounterfactual thinking: The effects of temporal framing on the construction of meaning
260 _bCalifornia State University, Long Beach.
_c2016
650 _aPSYCHOLOGY
856 _uhttp://pqdtopen.proquest.com/doc/1765692895.html?FMT=ABS
999 _c304111
_d304111